[Event "DEM U10w 2025"]
[Site "Willingen GER"]
[Date "2025.06.12"]
[Round "7"]
[White "Staudt, Merle"]
[Black "Goyush, Shams"]
[Result "0-1"]
[Termination "normal"]
[Board "8"]
[WhiteElo "1569"]
[BlackElo "1132"]
[WhiteClock "01:06:45"]
[BlackClock "01:05:49"]
[PlyCount "130"]
[WhiteFideId "34631151"]
[BlackFideId "533030855"]
[EventCountry "GER"]
[EventRounds "9"]
[EventType "swiss"]
[EventDate "2025.06.07"]

1. e4 {[%clk 01:30:57]} {[%emt 00:00:02]} e6 {[%clk 01:30:52]} {[%emt
00:00:10]} 2. d4 {[%clk 01:31:21]} {[%emt 00:00:05]} d5 {[%clk 01:31:08]}
{[%emt 00:00:13]} 3. Nd2 {[%clk 01:31:41]} {[%emt 00:00:10]} c5 {[%clk
01:31:23]} {[%emt 00:00:16]} 4. c3 {[%clk 01:31:42]} {[%emt 00:00:29]} Nc6
{[%clk 01:31:44]} {[%emt 00:00:09]} 5. Ndf3 {[%clk 01:32:02]} {[%emt 00:00:10]}
cxd4 {[%clk 01:31:15]} {[%emt 00:00:59]} 6. cxd4 {[%clk 01:32:04]} {[%emt
00:00:29]} dxe4 {[%clk 01:31:31]} {[%emt 00:00:14]} 7. Ne5 {[%clk 01:31:28]}
{[%emt 00:01:08]} Qxd4 {[%clk 01:31:13]} {[%emt 00:00:44]} 8. Nxc6 {[%clk
01:31:23]} {[%emt 00:00:35]} Qxd1+ {[%clk 01:31:37]} {[%emt 00:00:07]} 9. Kxd1
{[%clk 01:31:48]} {[%emt 00:00:05]} bxc6 {[%clk 01:31:58]} {[%emt 00:00:09]}
10. Bf4 {[%clk 01:31:49]} {[%emt 00:00:28]} Nf6 {[%clk 01:31:46]} {[%emt
00:00:43]} 11. Rc1 {[%clk 01:29:22]} {[%emt 00:02:57]} Ng4 {[%clk 01:30:49]}
{[%emt 00:01:27]} 12. Ke2 {[%clk 01:27:14]} {[%emt 00:02:38]} Ba6+ {[%clk
01:29:27]} {[%emt 00:01:52]} 13. Ke1 {[%clk 01:26:19]} {[%emt 00:01:24]} Bb4+
{[%clk 01:28:51]} {[%emt 00:01:07]} 14. Bd2 {[%clk 01:26:31]} {[%emt 00:00:17]}
Bxd2+ {[%clk 01:28:26]} {[%emt 00:00:56]} 15. Kxd2 {[%clk 01:26:52]} {[%emt
00:00:08]} Rd8+ {[%clk 01:28:47]} {[%emt 00:00:10]} 16. Ke1 {[%clk 01:25:55]}
{[%emt 00:01:27]} Bxf1 {[%clk 01:29:02]} {[%emt 00:00:15]} 17. Kxf1 {[%clk
01:26:18]} {[%emt 00:00:07]} Rd2 {[%clk 01:29:05]} {[%emt 00:00:27]} 18. Nh3
{[%clk 01:24:55]} {[%emt 00:01:52]} O-O {[%clk 01:28:04]} {[%emt 00:01:32]} 19.
Re1 {[%clk 01:18:46]} {[%emt 00:06:39]} Rxb2 {[%clk 01:25:50]} {[%emt
00:02:44]} 20. Rxe4 {[%clk 01:18:58]} {[%emt 00:00:18]} Rb1+ {[%clk 01:26:13]}
{[%emt 00:00:07]} 21. Re1 {[%clk 01:19:18]} {[%emt 00:00:10]} Rxe1+ {[%clk
01:26:27]} {[%emt 00:00:17]} 22. Kxe1 {[%clk 01:19:42]} {[%emt 00:00:05]} Rb8
{[%clk 01:26:40]} {[%emt 00:00:16]} 23. Ke2 {[%clk 01:18:52]} {[%emt 00:01:20]}
Rb2+ {[%clk 01:26:53]} {[%emt 00:00:17]} 24. Kf3 {[%clk 01:19:16]} {[%emt
00:00:07]} Ne5+ {[%clk 01:27:12]} {[%emt 00:00:11]} 25. Ke4 {[%clk 01:18:47]}
{[%emt 00:00:59]} Re2+ {[%clk 01:25:42]} {[%emt 00:02:00]} 26. Kd4 {[%clk
01:19:06]} {[%emt 00:00:10]} c5+ {[%clk 01:24:06]} {[%emt 00:02:07]} 27. Kxc5
{[%clk 01:19:23]} {[%emt 00:00:13]} Rxa2 {[%clk 01:24:16]} {[%emt 00:00:21]}
28. Rb1 {[%clk 01:19:12]} {[%emt 00:00:41]} g6 {[%clk 01:21:48]} {[%emt
00:02:57]} 29. Rb8+ {[%clk 01:17:41]} {[%emt 00:02:01]} Kg7 {[%clk 01:22:08]}
{[%emt 00:00:10]} 30. Ra8 {[%clk 01:17:56]} {[%emt 00:00:15]} Nd3+ {[%clk
01:22:02]} {[%emt 00:00:35]} 31. Kb5 {[%clk 01:17:33]} {[%emt 00:00:55]} Nxf2
{[%clk 01:22:13]} {[%emt 00:00:19]} 32. Nf4 {[%clk 01:16:36]} {[%emt 00:01:26]}
Kh6 {[%clk 01:17:26]} {[%emt 00:05:16]} 33. h4 {[%clk 01:11:22]} {[%emt
00:05:46]} g5 {[%clk 01:16:09]} {[%emt 00:01:47]} 34. hxg5+ {[%clk 01:11:27]}
{[%emt 00:00:25]} Kxg5 {[%clk 01:16:25]} {[%emt 00:00:14]} 35. g3 {[%clk
01:11:11]} {[%emt 00:00:46]} Ra3 {[%clk 01:14:08]} {[%emt 00:02:48]} 36. Rg8
{[%clk 01:11:31]} {[%emt 00:00:10]} Kh6 {[%clk 01:13:36]} {[%emt 00:00:49]} 37.
g4 {[%clk 01:11:32]} {[%emt 00:00:42]} Rg3 {[%clk 01:10:38]} {[%emt 00:03:28]}
38. Ka6 {[%clk 01:07:51]} {[%emt 00:04:11]} Rxg4 {[%clk 01:08:41]} {[%emt
00:02:27]} 39. Rxg4 {[%clk 01:08:03]} {[%emt 00:00:18]} Nxg4 {[%clk 01:09:04]}
{[%emt 00:00:07]} 40. Kxa7 {[%clk 01:08:27]} {[%emt 00:00:06]} Kg5 {[%clk
01:09:25]} {[%emt 00:00:06]} 41. Nh3+ {[%clk 01:08:52]} {[%emt 00:00:07]} Kh4
{[%clk 01:09:32]} {[%emt 00:00:23]} 42. Nf4 {[%clk 01:09:16]} {[%emt 00:00:06]}
e5 {[%clk 01:09:38]} {[%emt 00:00:25]} 43. Ne2 {[%clk 01:09:00]} {[%emt
00:00:46]} e4 {[%clk 01:09:31]} {[%emt 00:00:36]} 44. Kb6 {[%clk 01:09:14]}
{[%emt 00:00:17]} e3 {[%clk 01:09:38]} {[%emt 00:00:20]} 45. Kc5 {[%clk
01:09:39]} {[%emt 00:00:07]} Kh3 {[%clk 01:09:31]} {[%emt 00:00:37]} 46. Kd4
{[%clk 01:09:49]} {[%emt 00:00:21]} Kg2 {[%clk 01:09:36]} {[%emt 00:00:25]} 47.
Ke4 {[%clk 01:09:00]} {[%emt 00:01:19]} Kf2 {[%clk 01:08:42]} {[%emt 00:01:23]}
48. Nc1 {[%clk 01:08:30]} {[%emt 00:01:01]} h5 {[%clk 01:07:16]} {[%emt
00:01:56]} 49. Nd3+ {[%clk 01:08:55]} {[%emt 00:00:05]} Kg3 {[%clk 01:07:11]}
{[%emt 00:00:34]} 50. Nf4 {[%clk 01:09:05]} {[%emt 00:00:21]} h4 {[%clk
01:07:19]} {[%emt 00:00:22]} 51. Ne2+ {[%clk 01:09:31]} {[%emt 00:00:04]} Kf2
{[%clk 01:07:01]} {[%emt 00:00:48]} 52. Nf4 {[%clk 01:09:53]} {[%emt 00:00:07]}
e2 {[%clk 01:06:05]} {[%emt 00:01:27]} 53. Nd3+ {[%clk 01:09:16]} {[%emt
00:01:08]} Kg3 {[%clk 01:05:56]} {[%emt 00:00:38]} 54. Kf5 {[%clk 01:07:51]}
{[%emt 00:01:55]} h3 {[%clk 01:04:09]} {[%emt 00:02:17]} 55. Ne1 {[%clk
01:04:33]} {[%emt 00:03:48]} Ne3+ {[%clk 01:03:52]} {[%emt 00:00:45]} 56. Ke4
{[%clk 01:04:39]} {[%emt 00:00:26]} Ng2 {[%clk 01:03:58]} {[%emt 00:00:24]} 57.
Nf3 {[%clk 01:04:11]} {[%emt 00:00:57]} f5+ {[%clk 01:04:05]} {[%emt 00:00:24]}
58. Kxf5 {[%clk 01:04:22]} {[%emt 00:00:18]} Kxf3 {[%clk 01:04:26]} {[%emt
00:00:10]} 59. Kg5 {[%clk 01:04:44]} {[%emt 00:00:08]} e1=Q {[%clk 01:04:45]}
{[%emt 00:00:11]} 60. Kf5 {[%clk 01:05:05]} {[%emt 00:00:10]} h2 {[%clk
01:05:01]} {[%emt 00:00:13]} 61. Kf6 {[%clk 01:05:18]} {[%emt 00:01:50]} h1=Q
{[%clk 01:05:20]} {[%emt 00:00:12]} 62. Kf5 {[%clk 01:05:43]} {[%emt 00:00:04]}
Qe4+ {[%clk 01:05:43]} {[%emt 00:00:07]} 63. Kf6 {[%clk 01:06:06]} {[%emt
00:00:07]} Qh5 {[%clk 01:05:57]} {[%emt 00:00:16]} 64. Kg7 {[%clk 01:06:21]}
{[%emt 00:00:16]} Qe6 {[%clk 01:05:55]} {[%emt 00:00:31]} 65. Kf8 {[%clk
01:06:45]} {[%emt 00:00:07]} Qef7# {[%clk 01:05:49]} {[%emt 00:00:05]} 0-1

[Event "DEM U10w 2025"]
[Site "Willingen GER"]
[Date "2025.06.12"]
[Round "7"]
[White "Rose, Malina Rita"]
[Black "Kandora, Shirley"]
[Result "1-0"]
[Termination "normal"]
[Board "9"]
[WhiteElo "1549"]
[BlackElo "1579"]
[WhiteClock "00:33:48"]
[BlackClock "00:32:41"]
[PlyCount "99"]
[WhiteFideId "34665749"]
[BlackFideId "533016038"]
[EventCountry "GER"]
[EventRounds "9"]
[EventType "swiss"]
[EventDate "2025.06.07"]

1. e4 {[%clk 01:30:55]} {[%emt 00:00:04]} e5 2. Nf3 {[%clk 01:30:55]} Nc6
{[%clk 01:10:43]} 3. Bc4 {[%clk 01:30:55]} Nf6 {[%clk 01:10:43]} 4. d4 {[%clk
01:30:55]} exd4 {[%clk 01:10:43]} 5. O-O {[%clk 01:30:55]} Bc5 {[%clk
01:10:43]} 6. Bf4 {[%clk 01:30:55]} O-O {[%clk 01:10:43]} 7. Re1 {[%clk
01:30:55]} h6 {[%clk 01:10:43]} 8. Bb5 {[%clk 01:30:55]} a6 {[%clk 01:10:43]}
9. Ba4 {[%clk 01:30:55]} b5 {[%clk 01:10:43]} 10. Bb3 {[%clk 01:30:55]} Na5
{[%clk 01:10:43]} 11. Nxd4 {[%clk 01:30:55]} Bxd4 {[%clk 01:10:43]} 12. Qxd4
{[%clk 01:30:55]} Nxb3 {[%clk 01:10:43]} 13. axb3 {[%clk 01:30:55]} Re8 {[%clk
01:10:43]} 14. e5 {[%clk 01:30:55]} Qe7 {[%clk 01:10:43]} 15. Nd2 {[%clk
01:30:55]} Nh7 {[%clk 01:10:43]} 16. Nf3 {[%clk 01:30:55]} Bb7 {[%clk
01:10:43]} 17. Qc3 {[%clk 01:30:55]} c5 {[%clk 01:10:43]} 18. Rad1 {[%clk
01:30:55]} Rad8 {[%clk 01:10:43]} 19. Nd2 {[%clk 01:30:55]} Ng5 {[%emt
01:09:23]} 20. h3 {[%clk 01:00:26]} Bd5 {[%clk 01:00:46]} {[%emt 00:10:18]} 21.
Nf1 {[%clk 00:58:00]} {[%emt 00:02:51]} Bc6 {[%clk 00:56:58]} {[%emt 00:04:10]}
22. Ng3 {[%clk 00:55:52]} {[%emt 00:02:52]} Ne6 {[%clk 00:55:20]} {[%emt
00:02:00]} 23. Nf5 {[%clk 00:54:12]} {[%emt 00:02:20]} Qf8 {[%clk 00:52:02]}
{[%emt 00:03:40]} 24. Be3 {[%clk 00:52:40]} {[%emt 00:02:11]} Be4 {[%clk
00:49:02]} {[%emt 00:03:25]} 25. Nd6 {[%clk 00:52:15]} {[%emt 00:00:57]} f5
{[%clk 00:42:53]} {[%emt 00:06:34]} 26. Nxe8 {[%clk 00:51:48]} {[%emt
00:01:05]} Qxe8 {[%clk 00:43:08]} {[%emt 00:00:13]} 27. Bxc5 {[%clk 00:51:08]}
{[%emt 00:01:11]} Qg6 {[%clk 00:43:04]} {[%emt 00:00:30]} 28. f3 {[%clk
00:49:27]} {[%emt 00:02:14]} Nf4 {[%clk 00:42:38]} {[%emt 00:00:54]} 29. Qd2
{[%clk 00:44:54]} {[%emt 00:04:56]} Nxh3+ {[%clk 00:42:06]} {[%emt 00:01:11]}
30. Kf1 {[%clk 00:44:00]} {[%emt 00:01:20]} Bxf3 {[%clk 00:41:39]} {[%emt
00:01:01]} 31. gxf3 {[%clk 00:41:36]} {[%emt 00:02:56]} Qc6 {[%clk 00:37:57]}
{[%emt 00:03:46]} 32. Qd5+ {[%clk 00:41:31]} {[%emt 00:00:59]} Qxd5 {[%clk
00:38:07]} {[%emt 00:00:21]} 33. Rxd5 {[%clk 00:41:49]} {[%emt 00:00:12]} Ng5
{[%clk 00:38:12]} {[%emt 00:00:25]} 34. e6 {[%clk 00:38:41]} {[%emt 00:03:38]}
Nxf3 {[%clk 00:36:49]} {[%emt 00:01:53]} 35. e7 {[%clk 00:37:55]} {[%emt
00:01:16]} Re8 {[%clk 00:36:38]} {[%emt 00:00:39]} 36. Rxd7 {[%clk 00:37:54]}
{[%emt 00:00:33]} Kf7 {[%clk 00:36:27]} {[%emt 00:00:40]} 37. Re3 {[%clk
00:37:10]} {[%emt 00:01:12]} Nh2+ {[%clk 00:36:27]} {[%emt 00:00:32]} 38. Kg2
{[%clk 00:37:24]} {[%emt 00:00:15]} Ng4 {[%clk 00:36:47]} {[%emt 00:00:12]} 39.
Rg3 {[%clk 00:37:09]} {[%emt 00:00:35]} Ne5 {[%clk 00:36:47]} {[%emt 00:00:39]}
40. Rd8 {[%clk 00:36:16]} {[%emt 00:01:23]} g5 {[%clk 00:35:08]} {[%emt
00:02:10]} 41. Rh3 {[%clk 00:33:28]} {[%emt 00:03:16]} f4 {[%clk 00:34:26]}
{[%emt 00:01:14]} 42. Rxh6 {[%clk 00:32:55]} {[%emt 00:01:02]} f3+ {[%clk
00:34:28]} {[%emt 00:00:28]} 43. Kf1 {[%clk 00:31:58]} {[%emt 00:01:21]} g4
{[%emt 00:04:25]} 44. Rxe8 {[%clk 00:31:55]} Kxe8 {[%clk 00:31:27]} {[%emt
00:00:16]} 45. Rh8+ {[%clk 00:32:13]} {[%emt 00:00:09]} Kd7 {[%clk 00:31:42]}
{[%emt 00:00:17]} 46. e8=Q+ {[%clk 00:32:31]} {[%emt 00:00:13]} Kc7 {[%clk
00:32:00]} {[%emt 00:00:12]} 47. Qxe5+ {[%clk 00:32:44]} {[%emt 00:00:17]} Kc6
{[%clk 00:32:13]} {[%emt 00:00:17]} 48. Rh6+ {[%clk 00:33:05]} {[%emt
00:00:08]} Kb7 {[%clk 00:32:28]} {[%emt 00:00:15]} 49. Qg7+ {[%clk 00:33:22]}
{[%emt 00:00:12]} Kc8 {[%clk 00:32:41]} {[%emt 00:00:17]} 50. Rh8# {[%clk
00:33:48]} {[%emt 00:00:05]} 1-0

[Event "DEM U10w 2025"]
[Site "Willingen GER"]
[Date "2025.06.12"]
[Round "7"]
[White "Schmidt, Hannah"]
[Black "Ruddat, Maila"]
[Result "0-1"]
[Termination "normal"]
[Board "10"]
[WhiteElo "1121"]
[BlackElo "1573"]
[WhiteClock "00:37:09"]
[BlackClock "00:27:13"]
[PlyCount "112"]
[WhiteFideId "533043639"]
[BlackFideId "34628100"]
[EventCountry "GER"]
[EventRounds "9"]
[EventType "swiss"]
[EventDate "2025.06.07"]

1. c4 {[%clk 01:30:58]} c6 {[%clk 01:29:29]} {[%emt 00:01:30]} 2. Nc3 {[%clk
01:30:31]} {[%emt 00:00:58]} Nf6 {[%clk 01:29:20]} {[%emt 00:00:37]} 3. d4
{[%clk 01:28:30]} {[%emt 00:02:32]} d5 {[%clk 01:29:09]} {[%emt 00:00:41]} 4.
cxd5 {[%clk 01:25:16]} {[%emt 00:03:45]} cxd5 {[%clk 01:28:55]} {[%emt
00:00:43]} 5. Bg5 {[%clk 01:24:59]} {[%emt 00:00:47]} e6 {[%clk 01:25:34]}
{[%emt 00:03:51]} 6. Nf3 {[%clk 01:23:40]} {[%emt 00:01:49]} Be7 {[%clk
01:24:45]} {[%emt 00:01:17]} 7. e3 {[%clk 01:20:50]} {[%emt 00:03:22]} Nc6
{[%clk 01:18:12]} {[%emt 00:07:01]} 8. Bb5 {[%clk 01:13:39]} {[%emt 00:07:43]}
Bd7 {[%clk 01:11:42]} {[%emt 00:07:00]} 9. Qc2 {[%clk 01:05:43]} {[%emt
00:08:25]} Qb6 {[%clk 01:00:59]} {[%emt 00:11:11]} 10. Bd3 {[%clk 01:00:17]}
{[%emt 00:05:58]} Nb4 {[%clk 00:58:36]} {[%emt 00:02:48]} 11. Qd2 {[%clk
00:58:34]} {[%emt 00:02:17]} Nxd3+ {[%clk 00:55:00]} {[%emt 00:04:07]} 12. Qxd3
{[%clk 00:58:28]} {[%emt 00:00:36]} h6 {[%clk 00:51:00]} {[%emt 00:04:30]} 13.
Bh4 {[%clk 00:57:02]} {[%emt 00:01:56]} Rc8 {[%clk 00:45:33]} {[%emt 00:05:55]}
14. O-O {[%clk 00:55:49]} {[%emt 00:01:45]} Qxb2 {[%clk 00:38:25]} {[%emt
00:07:34]} 15. Rfc1 {[%clk 00:53:35]} {[%emt 00:02:49]} Qb6 {[%clk 00:38:12]}
{[%emt 00:00:38]} 16. Rcb1 {[%clk 00:48:25]} {[%emt 00:05:46]} Qc7 {[%clk
00:37:03]} {[%emt 00:01:39]} 17. Ne2 {[%clk 00:47:38]} {[%emt 00:01:17]} Qc2
{[%clk 00:36:41]} {[%emt 00:00:52]} 18. Qxc2 {[%clk 00:46:50]} {[%emt
00:01:17]} Rxc2 {[%clk 00:37:01]} {[%emt 00:00:10]} 19. Kf1 {[%clk 00:46:36]}
{[%emt 00:00:44]} b6 {[%clk 00:36:47]} {[%emt 00:00:42]} 20. a3 {[%clk
00:45:30]} {[%emt 00:01:38]} Ne4 {[%clk 00:36:14]} {[%emt 00:00:57]} 21. Bxe7
{[%clk 00:41:55]} {[%emt 00:04:10]} Kxe7 {[%clk 00:36:32]} {[%emt 00:00:12]}
22. Rd1 {[%clk 00:41:12]} {[%emt 00:01:12]} Bb5 {[%clk 00:36:18]} {[%emt
00:00:44]} 23. Nfg1 {[%clk 00:40:22]} {[%emt 00:01:21]} Rhc8 {[%clk 00:35:13]}
{[%emt 00:01:33]} 24. Ke1 {[%clk 00:40:20]} {[%emt 00:00:34]} Nc3 {[%clk
00:34:11]} {[%emt 00:01:29]} 25. Nxc3 {[%clk 00:40:01]} {[%emt 00:00:52]} R8xc3
{[%clk 00:34:10]} {[%emt 00:00:31]} 26. a4 {[%clk 00:39:42]} {[%emt 00:00:50]}
Ba6 {[%clk 00:34:32]} {[%emt 00:00:08]} 27. Rd2 {[%clk 00:39:30]} {[%emt
00:00:42]} Rc1+ {[%clk 00:34:05]} {[%emt 00:00:56]} 28. Rxc1 {[%clk 00:38:25]}
{[%emt 00:01:35]} Rxc1+ {[%clk 00:33:59]} {[%emt 00:00:37]} 29. Rd1 {[%clk
00:38:46]} {[%emt 00:00:09]} Rxd1+ {[%clk 00:33:53]} {[%emt 00:00:36]} 30. Kxd1
{[%clk 00:39:07]} {[%emt 00:00:09]} Bc4 {[%clk 00:34:07]} {[%emt 00:00:16]} 31.
Kc2 {[%clk 00:38:53]} {[%emt 00:00:42]} Kd7 {[%clk 00:33:53]} {[%emt 00:00:44]}
32. Kc3 {[%clk 00:38:57]} {[%emt 00:00:27]} Kc6 {[%clk 00:33:27]} {[%emt
00:00:54]} 33. Kb4 {[%clk 00:39:20]} {[%emt 00:00:08]} a5+ {[%clk 00:33:19]}
{[%emt 00:00:38]} 34. Kc3 {[%clk 00:39:07]} {[%emt 00:00:43]} b5 {[%clk
00:33:39]} {[%emt 00:00:10]} 35. axb5+ {[%clk 00:39:19]} {[%emt 00:00:17]} Kxb5
{[%clk 00:34:03]} {[%emt 00:00:06]} 36. Kb2 {[%clk 00:39:12]} {[%emt 00:00:37]}
Kb4 {[%clk 00:34:17]} {[%emt 00:00:15]} 37. Ka1 {[%clk 00:39:29]} {[%emt
00:00:15]} a4 {[%clk 00:34:18]} {[%emt 00:00:28]} 38. Nf3 {[%clk 00:39:47]}
{[%emt 00:00:13]} a3 {[%clk 00:34:21]} {[%emt 00:00:26]} 39. Ne5 {[%clk
00:40:06]} {[%emt 00:00:11]} f6 {[%clk 00:34:37]} {[%emt 00:00:14]} 40. Nd7
{[%clk 00:40:10]} {[%emt 00:00:26]} a2 {[%clk 00:34:24]} {[%emt 00:00:43]} 41.
f4 {[%clk 00:40:19]} {[%emt 00:00:21]} Kc3 {[%clk 00:33:32]} {[%emt 00:01:22]}
42. Nf8 {[%clk 00:40:29]} {[%emt 00:00:21]} Kd3 {[%clk 00:33:51]} {[%emt
00:00:09]} 43. Nxe6 {[%clk 00:40:53]} {[%emt 00:00:08]} Kxe3 {[%clk 00:34:00]}
{[%emt 00:00:21]} 44. g4 {[%clk 00:40:39]} {[%emt 00:00:45]} g6 {[%clk
00:33:41]} {[%emt 00:00:47]} 45. h4 {[%clk 00:40:53]} {[%emt 00:00:18]} f5
{[%clk 00:32:34]} {[%emt 00:01:35]} 46. g5 {[%clk 00:39:49]} {[%emt 00:01:36]}
h5 {[%clk 00:32:36]} {[%emt 00:00:27]} 47. Nf8 {[%clk 00:39:27]} {[%emt
00:00:52]} Kxd4 {[%clk 00:32:45]} {[%emt 00:00:21]} 48. Nxg6 {[%clk 00:39:35]}
{[%emt 00:00:22]} Kc3 {[%clk 00:32:22]} {[%emt 00:00:48]} 49. Ne7 {[%clk
00:39:41]} {[%emt 00:00:31]} d4 {[%clk 00:32:16]} {[%emt 00:00:33]} 50. Nxf5
{[%clk 00:39:10]} {[%emt 00:01:04]} d3 {[%clk 00:31:46]} {[%emt 00:00:59]} 51.
Ne3 {[%clk 00:39:06]} {[%emt 00:00:35]} Bb3 {[%clk 00:30:31]} {[%emt 00:01:41]}
52. g6 {[%clk 00:38:51]} {[%emt 00:00:50]} d2 {[%clk 00:29:55]} {[%emt
00:01:04]} 53. g7 {[%clk 00:37:41]} {[%emt 00:01:42]} Kd4 {[%clk 00:27:40]}
{[%emt 00:02:42]} 54. Nd1 {[%clk 00:37:59]} {[%emt 00:00:15]} Ke4 {[%clk
00:27:24]} {[%emt 00:00:38]} 55. Nc3+ {[%clk 00:36:54]} {[%emt 00:01:42]} Kxf4
{[%clk 00:27:20]} {[%emt 00:00:34]} 56. Ne2+ {[%clk 00:37:09]} {[%emt
00:00:16]} Kg4 {[%clk 00:27:13]} {[%emt 00:00:32]} 0-1